Diseño de 0.542 Km de estructura de pavimento y drenaje para la calle de la fábrica de puros AJ Fernández Cigars S.A. de la ciudad de Estelí

Presenta el diseño de 0.542 Km de estructura de pavimento y drenaje para la calle de la fábrica de puros AJ Fernández Cigars S.A de la ciudad de Estelí mediante la elaboración de un estudio geotécnico en la elaboración de sondeos de forma manual sobre la calle a construir con el objetivo de i...

Full description

Bibliographic Details
Main Authors: Peralta Calderón, Daniel Isaac, Castillo Centeno, Erick Jovan, Mantilla Idalgo, Saúl Eliut
Other Authors: Tutor: Sierra Mercado, Jimmy
Format: Tesis Section = Libro
Language:Undetermined
Spanish
Published: Managua UNI 2014
Subjects:
LEADER 01921nam a2200289Ia 4500
008 240830s9999 xx 000 0 und d
040 |a BIBLIOTECA-RUPAP T.Mon 625.8 P426 
041 |a spa 
082 |a T.Mon 625.8 P426 
100 1 |a Peralta Calderón, Daniel Isaac 
100 1 |b Castillo Centeno, Erick Jovan 
100 1 |c  Mantilla Idalgo, Saúl Eliut 
245 1 0 |a Diseño de 0.542 Km de estructura de pavimento y drenaje para la calle de la fábrica de puros AJ Fernández Cigars S.A. de la ciudad de Estelí 
260 |a Managua  |b UNI  |c 2014 
300 |a 78 p. :il. 
500 |a Contiene: anexos. 
502 |a Tesis (Ingeniero Civil)- UNI, 2014. 
520 3 |a Presenta el diseño de 0.542 Km de estructura de pavimento y drenaje para la calle de la fábrica de puros AJ Fernández Cigars S.A de la ciudad de Estelí mediante la elaboración de un estudio geotécnico en la elaboración de sondeos de forma manual sobre la calle a construir con el objetivo de identificar las propiedades y clasificación de los diferentes estratos existentes hasta una profundidad de 1.50 metros, se realizó un estudio de trafico mediante un conteo vehicular durante 5 días en el portón de la fábrica realizado durante la última semana del mes de junio ya que en este mes es cuando hay más afluencia de vehículos para el cálculo de la tasa de crecimiento vehicular se tomó el crecimiento económico de la fábrica y el crecimiento poblacional de los trabajadores y la aplicación de la metodología ASSHTO-93 para la determinación de los espesores de la estructura. 
650 7 |a DISEÑO DE PAVIMENTO FLEXIBLE 
650 7 |b  DISEÑO DE PAVIMENTO RÍGIDO 
650 7 |c  DISEÑO DE OBRAS DE DRENAJE 
650 7 |e  DISEÑO DE ESTRUCTURA DE PAVIMENTO 
650 7 |g  ESTUDIO GEOTÉCNICO  
700 1 |a Tutor:  |b Sierra Mercado, Jimmy 
942 |c BK  |2 ddc 
991 |a TESIS 
999 |c 18241